El Soldado catolico en guerra de religion (Record no. 48773)

MARC details
000 -LEADER
campo de control de longitud fija 01149nam a22002175i 4500
001 - NÚMERO DE CONTROL
campo de control 48773
003 - IDENTIFICADOR DE NÚMERO DE CONTROL
campo de control ES-MaACL
005 - FECHA Y HORA DE LA ÚLTIMA TRANSACCIÓN
campo de control 20250830062228.0
007 - CAMPO FIJO DE DESCRIPCIÓN FÍSICA--INFORMACIÓN GENERAL
campo de control de longitud fija t|
008 - DATOS DE LONGITUD FIJA--INFORMACIÓN GENERAL
campo de control de longitud fija 960520s1813 sp ||||1| spa d
040 ## - FUENTE DE CATALOGACIÓN
Centro catalogador/agencia de origen CAM
Lengua de catalogación spa
Centro/agencia transcriptor CCPB | SIC
100 1# - ENTRADA PRINCIPAL--NOMBRE DE PERSONA
Nombre de persona Diego José de Cádiz
Títulos y otros términos asociados al nombre Beato.
9 (RLIN) 44566
245 13 - MENCIÓN DEL TÍTULO
Título El Soldado catolico en guerra de religion
Resto del título : carta instructiva ascetico-historico-politica, en que se propone á un Soldado Catolico la necesidad de prepararse ... en la actual guerra contra el impio partido de la infiel, sediciosa, y regicida Asamblea de la Francia /
Mención de responsabilidad, etc. escribiala el Pr. Fr. Diego Josef de Cadiz misionero apostolico del orden Menores Capuchinos ... ; primera [-segunda] parte.
260 ## - PUBLICACIÓN, DISTRIBUCIÓN, ETC.
Lugar de publicación, distribución, etc. [Málaga] :
Nombre del editor, distribuidor, etc. [s.n.,
Fecha de publicación, distribución, etc. s.a.] (
Fabricante Reimpreso en Málaga por los Herederos de D. Francisco Martinez Aguilar)
300 ## - DESCRIPCIÓN FÍSICA
Extensión 78, [2] p., [1] h. de grab. ;
Dimensiones 20 cm.
500 ## - NOTA GENERAL
Materiales especificados Es reimp. de la ed. de: Cádiz : [s.n.], 1813 (Casa de Misericordia)
597 ## - NOTA DE DESCRIPCIÓN FÍSICA
NOTA DE DESCRIPCIÓN FÍSICA La segunda parte con portadilla propia.
650 07 - PUNTO DE ACCESO ADICIONAL DE MATERIA--TÉRMINO DE MATERIA
Término de materia o nombre geográfico como elemento de entrada Teología pastoral
Fuente del encabezamiento o término embne
9 (RLIN) 17472
852 ## - LOCALIZACIÓN
Ubicación ES-MaACL
Número de control de estantería Z-1-F-3
Encuadernación Olim: 1496-F-10
Holdings
Estatus retirado Estado de pérdida Estado de daño No para préstamo Biblioteca de origen Biblioteca actual Ubicación en estantería Fecha de adquisición Fuente de adquisición Total de préstamos Signatura topográfica completa Código de barras Visto por última vez Precio de reemplazo Tipo de ítem Koha
        Biblioteca del Ateneo de Madrid Biblioteca del Ateneo de Madrid Depósito Z 17/01/2008     Z-1-F-3 1051327 23/02/2023 23/02/2023 Libro impreso